| 000 | 00378nam a22001697a 4500 | ||
|---|---|---|---|
| 003 | SGT | ||
| 020 | _a9789354651694 | ||
| 082 |
_a615.1 _bH21M |
||
| 100 | _aSUBHADRA V DEVI | ||
| 245 | _aTEXTBOOK OF GENERAL ANATOMY | ||
| 250 | _a2nd | ||
| 260 |
_aNEW DELHI _bJAYPEE BROTHER _c2023 |
||
| 300 | _a256 | ||
| 650 | _a GENERAL ANATOMY | ||
| 653 | _a ANATOMY | ||
| 942 |
_2ddc _cBK |
||
| 999 |
_c23863 _d23863 |
||